00373nam a2200145Ia 4500008004100000020001500041041001200056082001600068100002000084245004900104260003500153300000800188650001400196700001700210221030s9999 xx 000 0 und d a8129705788 aEnglish a105.23bJoh aR. Johnsonbaugh 0aAlgorithmscby R. Johnsonbaugh, M., Schaefer bPearson EducationaDelhic2004 a752 aComputers aM., Schaefer